Estatísticas para As línguas nativas mais faladas nas Américas

Clique aqui para jogar o quiz

Estatísticas Gerais

  • Esse quiz foi jogado 45 vezes
  • A pontuação média é 7 de 14

Estatísticas das Respostas

MilhõesLíngua% Correto
430Espanhol
88%
265Inglês
88%
205Português
88%
10Francês
80%
6.5Guarani
68%
4.8Italiano
66%
3.9Alemão
59%
3.2Mandarim
39%
8.5Quíchua
27%
2.5Aimará
22%
12Crioulo Haitiano
17%
2.2Náuatle
5%
1.7Tagalo / Filipino
5%
2.3Quiché
0%

Distribuição das Pontuações

Percentil de Números Respondidos

Porcentagem de Pessoas com Cada Pontuação

Sua Pontuação Histórica

Você não jogou esse quiz